[Event "23rd Open"]
[Site "Bled SLO"]
[Date "2002.07.09"]
[Round "8"]
[White "Guid,M"]
[Black "Zorko,Ju"]
[Result "1/2-1/2"]
[WhiteElo "2185"]
[BlackElo "2165"]

1.Nf3 Nf6 2.d4 e6 3.c4 Bb4+ 4.Bd2 a5 5.g3 b6 6.Bg2 Bb7 7.O-O O-O 8.Bg5 Be7
9.Nc3 Ne4 10.Bxe7 Qxe7 11.Qd3 Nxc3 12.Qxc3 Be4 13.Rfd1 d6 14.b3 Nd7 15.a3 Ra7
16.Bh3  1/2-1/2

[Event "Dutch Open"]
[Site "Dieren NED"]
[Date "2002.07.09"]
[Round "1"]
[White "De Saegher,C"]
[Black "Ikonnikov,V"]
[Result "0-1"]
[WhiteElo "2217"]
[BlackElo "2527"]

1.d4 Nf6 2.Nf3 e6 3.c4 Bb4+ 4.Bd2 Qe7 5.g3 Nc6 6.Bg2 Bxd2+ 7.Nbxd2 d6 8.O-O a5
9.e4 e5 10.d5 Nb8 11.Qb3 Nbd7 12.Qc3 Nc5 13.Ne1 h5 14.b3 h4 15.a3 hxg3 16.hxg3 Bh3
17.f3 Nh5 18.f4 Nf6 19.fxe5 dxe5 20.Nef3 Ncd7 21.b4 Bg4 22.c5 Bxf3 23.Rxf3 O-O
24.Rf5 axb4 25.axb4 Rxa1+ 26.Qxa1 g6 27.Rf3 Ng4 28.Bh3 Qg5 29.Nc4 Ndf6 30.d6 cxd6
31.Nxd6 Qd2 32.Bg2 Qxb4 33.Qc3 Qa4 34.Rxf6 Nxf6 35.Qxe5 Ng4 36.Qd5 Qa3 37.e5  0-1

[Event "Open"]
[Site "Oberwart AUT"]
[Date "2002.07.11"]
[Round "7"]
[White "Ferrari,J"]
[Black "Sandhu,M"]
[Result "0-1"]
[WhiteElo "2212"]
[BlackElo "2320"]

1.d4 Nf6 2.c4 e6 3.Nf3 Bb4+ 4.Bd2 Qe7 5.g3 O-O 6.Bg2 Bxd2+ 7.Nfxd2 d6 8.O-O e5
9.e3 c6 10.Nc3 Bf5 11.dxe5 dxe5 12.Nde4 Nxe4 13.Nxe4 Rd8 14.Qe2 Na6 15.Rfd1 Be6
16.h4 h6 17.a3 f5 18.Nc3 Qf7 19.b3 Nc5 20.Qc2 f4 21.b4 f3 22.Bf1 Nd7 23.Ne4 Nf6
24.Nc5 b6 25.Nxe6 Qxe6 26.Qg6 c5 27.Qc2 e4 28.Qc3 g5 29.hxg5 hxg5 30.bxc5 bxc5
31.Qa5 Qb6 32.Qc3 Kf7 33.Qe5 Re8 34.Qxg5 Qc7 35.Bh3 Rh8 36.Bf5 Rag8 37.Qf4 Qxf4
38.exf4 Rh5 39.Bxe4 Nxe4 40.Rd5 Rxd5 41.cxd5 Nc3  0-1

[Event "Open"]
[Site "Oberwart AUT"]
[Date "2002.07.11"]
[Round "7"]
[White "Burmakin,V"]
[Black "Shariyazdanov,A"]
[Result "1/2-1/2"]
[WhiteElo "2574"]
[BlackElo "2562"]

1.d4 Nf6 2.c4 e6 3.Nf3 Bb4+ 4.Bd2 Qe7 5.e3 Nc6 6.Be2 Bxd2+ 7.Nfxd2 e5 8.d5 Nb8
9.Nc3 O-O 10.Qc2 d6 11.O-O a5 12.a3 Na6 13.Rab1 c5 14.dxc6 bxc6 15.b4 axb4
16.axb4 Bb7 17.e4 Rfb8 18.Rfd1 h6 19.Na4 c5 20.bxc5 Nxc5 21.Nxc5 dxc5 22.f3 Bc6
23.Nf1 Rb4 24.Ne3 Rab8 25.Rdc1 Qb7 26.Bd3 Ne8 27.Qc3 Qd7 28.Nd5 Bxd5 29.cxd5 Rxb1
30.Rxb1 Rxb1+ 31.Bxb1 Qc7 32.Ba2 Kf8 33.f4 f6 34.fxe5 fxe5 35.h3 Nf6 36.Qc4 Qd6
37.Kf2 Kg8 38.Ke3 Kh7 39.Qb5 Qc7 40.Bc4 Qa7 41.Qa6 Qxa6 42.Bxa6 Ne8 43.Kd2 Nd6
44.Bd3 Kg6 45.g3 Kg5 46.Ke3 Kf6 47.Kd2 Ke7 48.h4 Kd7 49.g4 Kc7 50.Kc3 Kb6
51.Kb3 Ka5 52.Kc3 Ka4 53.Bf1 Ka5 54.Bd3 g5 55.hxg5 hxg5 56.Kb3 Kb6 57.Kc3 Kb7
58.Bc2 Ka6 59.Bd3+ Kb6 60.Kb3 c4+ 61.Bxc4 Nxe4 62.Kb4 Nf6 63.Be2 Nxd5+ 64.Kc4 Nf6
65.Kd3 Kc7 66.Bf3 Kd6 67.Ke3 Kc5 68.Kd3 Kb4 69.Bb7 Kb5 70.Bf3 Kc5 71.Bb7 Kd6
72.Bf3 Nd7 73.Ke4 Ke6 74.Kd3 Nc5+ 75.Ke3 Kd6 76.Bg2 Kc7 77.Bd5 Kb6 78.Kd2 Nb7
79.Kd3 Nd6 80.Bf3 Kc5 81.Bg2  1/2-1/2

[Event "24th Politiken Cup"]
[Site "Copenhagen DEN"]
[Date "2002.07.15"]
[Round "1"]
[White "Rasmussen,H"]
[Black "Royset,P"]
[Result "0-1"]
[WhiteElo "2216"]
[BlackElo "2252"]

1.d4 Nf6 2.Nf3 e6 3.c4 Bb4+ 4.Bd2 Qe7 5.a3 Bxd2+ 6.Nbxd2 d6 7.e4 e5 8.dxe5 dxe5
9.Be2 O-O 10.O-O Nc6 11.Qc2 Re8 12.b4 Bg4 13.Nb3 Rad8 14.Rad1 h6 15.Rxd8 Nxd8
16.Rd1 Ne6 17.g3 Bxf3 18.Bxf3 c5 19.b5 b6 20.Bg2 Nd4 21.Nxd4 cxd4 22.Qa2 Qe6
23.a4 Rc8 24.Rc1 Rd8 25.a5 d3 26.axb6 axb6 27.Qd2 Qd6 28.f3 Nd7 29.Bf1 Nc5
30.Rc3 Qd4+ 31.Kg2 g6 32.h4 Kg7 33.Kh2 Ra8 34.Kh1 Ra1 35.Kg2 Ra2 36.Qxa2 Qxc3
37.Qa7 d2 38.Be2 Qe3  0-1

[Event "Dutch Open"]
[Site "Dieren NED"]
[Date "2002.07.17"]
[Round "8"]
[White "Van der Werf,M"]
[Black "Peek,Mau"]
[Result "1-0"]
[WhiteElo "2422"]
[BlackElo "2275"]

1.d4 Nf6 2.c4 e6 3.Nf3 Bb4+ 4.Bd2 Qe7 5.g3 Nc6 6.Nc3 d5 7.a3 Bxc3 8.Bxc3 O-O
9.Bg2 Ne4 10.Qc2 Re8 11.O-O b6 12.b4 a6 13.Bb2 Bb7 14.Rac1 Nd6 15.Nd2 Rec8
16.e4 dxe4 17.Nxe4 Nd8 18.d5 Nxe4 19.Bxe4 h6 20.Rfe1 Kh8 21.Qc3 f6 22.Bb1 f5
23.Qd3 Kg8 24.f4 Nf7 25.dxe6  1-0

[Event "1st Open"]
[Site "Condom FRA"]
[Date "2002.07.18"]
[Round "8"]
[White "David,Vi"]
[Black "Marciniak,G"]
[Result "1-0"]
[WhiteElo "2290"]
[BlackElo "2146"]

1.d4 Nf6 2.c4 e6 3.Nf3 Bb4+ 4.Bd2 c5 5.Bxb4 cxb4 6.e3 O-O 7.Be2 d6 8.O-O Re8
9.a3 bxa3 10.Rxa3 b6 11.Nc3 Bb7 12.d5 exd5 13.cxd5 Nbd7 14.Qd4 Nc5 15.Nd2 a5
16.e4 Qe7 17.Bb5 Nfd7 18.Nc4 Ba6 19.Re1 Reb8 20.Bxa6 Nxa6 21.Nb5 Nb4 22.Rc3 Nf6
23.Ree3 Ne8 24.Rg3 f6 25.h3 Ra6 26.Ne3 Qd7 27.Nf5 g6 28.Nc7 Ra7 29.Nxe8 Rxe8
30.Qxf6 Qf7 31.Nh6+  1-0

[Event "24th Politiken Cup"]
[Site "Copenhagen DEN"]
[Date "2002.07.20"]
[Round "6"]
[White "Henrichsen,J"]
[Black "Zucchelli,M"]
[Result "0-1"]
[WhiteElo "2067"]
[BlackElo "2183"]

1.d4 Nf6 2.c4 e6 3.Nf3 Bb4+ 4.Bd2 Qe7 5.Nc3 Nc6 6.g3 Bxc3 7.Bxc3 Ne4 8.Rc1 d6
9.Bg2 O-O 10.O-O e5 11.d5 Nxc3 12.Rxc3 Nb8 13.e4 a5 14.b3 Na6 15.Ne1 Nc5
16.Nd3 b6 17.f3 Bd7 18.Rf2 f5 19.exf5 Bxf5 20.Bf1 Nd7 21.Qd2 Nf6 22.Re2 Rae8
23.Nf2 Qf7 24.Rc1 h6 25.Bg2 g5 26.Ree1 Qg6 27.a3 Re7 28.b4 axb4 29.axb4 Rfe8
30.c5 bxc5 31.bxc5 e4 32.fxe4 Nxe4 33.Bxe4 Bxe4 34.cxd6 cxd6 35.Rc6 Bf3 36.Rxe7 Rxe7
37.Rc8+ Kf7 38.Qc1 Bxd5 39.Rc7 Qe6 40.Rxe7+ Qxe7 41.Qd2 Qe5 42.Qc1 Kg6 43.Kf1 h5
44.Qb1+ Kf6 45.Qd1 Bc4+ 46.Kg1 Be2 47.Qb1 Bf3 48.Qc1 g4 49.Qh6+ Kf7 50.Qh7+ Ke6
51.Qb1 d5 52.Qb6+ Kf5 53.Qb1+ Kf6 54.Qc1 d4 55.Qh6+ Kf7 56.Qh7+ Ke6 57.Qg8+ Kd7
58.Qf7+ Kc6 59.Qg6+ Kc7 60.Qf7+ Kb6 61.Qb3+ Qb5 62.Qc2 Bc6 63.h4 Qd5 64.Qb1+ Ka7  0-1

[Event "25th Open"]
[Site "Ghent BEL"]
[Date "2002.07.21"]
[Round "3"]
[White "Ikonnikov,V"]
[Black "Schipper,P"]
[Result "1/2-1/2"]
[WhiteElo "2527"]
[BlackElo "2153"]

1.d4 Nf6 2.Nf3 e6 3.c4 Bb4+ 4.Bd2 Qe7 5.g3 O-O 6.Bg2 Bxd2+ 7.Qxd2 d6 8.Nc3 e5
9.O-O Re8 10.e4 Bg4 11.Nh4 Nc6 12.d5 Nd4 13.Nb5 Nxb5 14.cxb5 Bd7 15.Rfc1 Rec8
16.a4 a6 17.bxa6 Rxa6 18.a5 c5 19.dxc6 Raxc6 20.Rxc6 Rxc6 21.b4 Rc4 22.b5 Bxb5
23.Nf5 Qc7 24.Nxd6 Rc5 25.Nf5 h6 26.h3 Bc6 27.Qb4 Bd7 28.Ne7+ Kh7 29.Nd5 Qc6
30.Qb2 Be6 31.Nxf6+ gxf6 32.Qd2 Kg7 33.Rb1 Rb5 34.Rc1 Rc5 35.Rb1 Rb5 36.Ra1 Rc5
37.Bf1 Rc2 38.Qe3 Qc5 39.Qxc5 Rxc5 40.f4 Bd7 41.Kf2 Bc6 42.Bd3 Rc3 43.Ke2 Rb3
44.Kd2 Rb5 45.Ke3 Rb3 46.Kd2 Rb2+ 47.Ke3 Rb3 48.Kd2  1/2-1/2

[Event "Capital of Siberia Open"]
[Site "Novosibirsk RUS"]
[Date "2002.07.21"]
[Round "3"]
[White "Bogdanov,S"]
[Black "Trufanov,Alexande"]
[Result "1-0"]
[WhiteElo "2118"]
[BlackElo "2243"]

1.d4 Nf6 2.c4 e6 3.Nf3 Bb4+ 4.Bd2 Qe7 5.a3 Bxd2+ 6.Nbxd2 d6 7.e4 e5 8.d5 a5
9.Bd3 O-O 10.O-O Nh5 11.g3 g6 12.Re1 Bg4 13.Bf1 Na6 14.Bg2 Nc5 15.Qc2 a4
16.h3 Bd7 17.Nh2 f5 18.exf5 gxf5 19.Bf3 Qg5 20.Kh1 e4 21.h4 Qh6 22.Bxh5 Qxh5
23.Rg1 Qe2 24.Rg2 Qd3 25.Qd1 c6 26.Nhf1 cxd5 27.cxd5 Qxd5 28.Ne3 Qe6 29.Ndc4 Nd3
30.Nb6 Ra6 31.Nbd5 Ra5 32.Nf4 Nxf4 33.gxf4+ Kh8 34.Rg5 Qf6 35.Nd5 Qxb2 36.Ra2 Rxd5
37.Qxd5 Bc6 38.Rxb2 Bxd5 39.Kg1 Bc6  1-0

[Event "TCh-POL Jun"]
[Site "Laczna POL"]
[Date "2002.07.22"]
[Round "10"]
[White "Marszalek,M"]
[Black "Bartel,Mat"]
[Result "1/2-1/2"]
[WhiteElo "2250"]
[BlackElo "2418"]

1.d4 Nf6 2.Nf3 e6 3.c4 Bb4+ 4.Bd2 Qe7 5.g3 Nc6 6.Bg2 Bxd2+ 7.Nbxd2 d6 8.O-O a5
9.e4 e5 10.d5 Nb8 11.Ne1 h5 12.Nd3 h4 13.c5 dxc5 14.f4 Ng4 15.Nxe5 Nxe5 16.fxe5 hxg3
17.Nf3 gxh2+ 18.Kh1 Ra6 19.e6 Bxe6 20.dxe6 Rxe6 21.Qd5 c6 22.Qd2 O-O 23.Qxa5 Rxe4
24.Rae1 Na6  1/2-1/2

[Event "Open"]
[Site "Bergen NOR"]
[Date "2002.07.24"]
[Round "5"]
[White "Ovsejevitsch,S"]
[Black "Heim,S"]
[Result "1/2-1/2"]
[WhiteElo "2528"]
[BlackElo "2385"]

1.d4 Nf6 2.c4 e6 3.Nf3 Bb4+ 4.Bd2 Bxd2+ 5.Qxd2 O-O 6.Nc3 d5 7.e3 Qe7 8.Bd3 Rd8
9.cxd5 exd5 10.Qc2 Nc6 11.Bb5 Bd7 12.a3 a6 13.Be2 Bg4 14.O-O Rd6 15.b4 Nd8
16.Na4 c6 17.Nc5 Bxf3 18.Bxf3 Ne8 19.a4 Nc7 20.Be2 g6 21.Rab1 Nce6 22.Nd3 Nc7
23.Ne5 f6 24.Nf3 Nce6 25.b5 axb5 26.axb5 Rc8 27.bxc6 bxc6 28.Ra1 Kg7 29.Ra5 Rc7
30.Rfa1 Rdd7 31.Qa2 Rb7 32.g3 Qb4 33.Bf1 Qb2 34.Bh3 Qxa2 35.R1xa2 Kf7 36.Bxe6+ Kxe6
37.g4 g5 38.Kg2 h5 39.h3 hxg4 40.hxg4 Rdc7 41.Ra6 Kd7 42.Ng1 Rb3 43.Ne2 Rcb7
44.Ng3 R3b6 45.Rxb6 Rxb6 46.Nh5 Ke7 47.Ra8 Nb7 48.Rb8 Rb5 49.Rg8 Nd6 50.Rg7+ Nf7
51.Rg6 c5 52.dxc5 Rxc5 53.Rxf6 d4 54.exd4 Rd5 55.Ra6 Rxd4 56.f3 Rd5 57.Ng3 Nd8
58.Ne4 Ne6 59.Kg3 Kf7 60.Ra7+ Kf8 61.Nf6 Rb5 62.Rd7 Ra5 63.Rb7 Ra2 64.Nh7+ Kg8
65.Re7 Ra6 66.Kf2 Ra2+ 67.Ke1 Ra6 68.Kd2 Ra2+ 69.Kc1 Ra6 70.Kb2 Rd6  1/2-1/2

[Event "KB Czech Open"]
[Site "Pardubice CZE"]
[Date "2002.07.24"]
[Round "6"]
[White "Borovikov,V"]
[Black "Stocek,J"]
[Result "1-0"]
[WhiteElo "2570"]
[BlackElo "2555"]

1.d4 Nf6 2.Nf3 e6 3.c4 Bb4+ 4.Bd2 Qe7 5.g3 O-O 6.Bg2 Bxd2+ 7.Qxd2 d5 8.O-O Rd8
9.Qc2 Na6 10.Rd1 c5 11.cxd5 Nxd5 12.dxc5 Bd7 13.Nc3 Nxc3 14.Qxc3 Nxc5 15.Qa3 Rdc8
16.Rac1 Rc7 17.Rc3 b6 18.b4 Na6 19.Rxc7 Nxc7 20.Ne5 Rd8 21.Qxa7 Bb5 22.Rc1 Nd5
23.Qxe7 Nxe7 24.Bf3 f6 25.Rc7 Kf8 26.Ng4 Rd2 27.Rb7 Rxa2 28.Rxb6 Bxe2 29.Bxe2 Rxe2
30.Ne3 Nd5 31.Rb5 Kf7 32.Nc4 Rc2 33.Rb7+ Kf8 34.Nd6 Rc7 35.Rb8+ Ke7 36.Nb5 Rc4
37.Rb7+ Kf8 38.Rb8+ Ke7 39.Na7 Rc7 40.Nc8+ Kd7 41.Nb6+ Nxb6 42.Rxb6 Rc6 43.Rb8 Kc7
44.Rh8 Rb6 45.Rxh7 Rxb4 46.Rxg7+ Kd6 47.h4 Rb8 48.Kg2 Ke5 49.g4 Kf4 50.h5 Rh8
51.Kh3 f5 52.Kh4 fxg4 53.Rf7+ Ke5 54.Kxg4 Rg8+ 55.Kh4 Rg1 56.h6 Rh1+ 57.Kg5 Rg1+
58.Kh5 Rh1+ 59.Kg6 Rg1+ 60.Kh7 Kd6 61.Rg7 Rf1 62.Rg2 Ra1 63.Kg6  1-0

[Event "24th Politiken Cup"]
[Site "Copenhagen DEN"]
[Date "2002.07.25"]
[Round "10"]
[White "Cazzaniga,W"]
[Black "Vovk,Ok"]
[Result "0-1"]
[WhiteElo "2121"]
[BlackElo "2077"]

1.d4 Nf6 2.c4 e6 3.Nf3 Bb4+ 4.Bd2 Qe7 5.g3 b6 6.Bg2 Bb7 7.O-O Bxd2 8.Nbxd2 O-O
9.Qc2 d6 10.e4 e5 11.d5 a5 12.b3 Na6 13.a3 c6 14.Rfe1 Rfc8 15.Qb2 c5 16.Bh3 Rcb8
17.Re3 Bc8 18.Bxc8 Rxc8 19.Kg2 Qd7 20.a4 Rf8 21.Rf1 Ng4 22.Re2 f5 23.Ng5 Nc7
24.f3 Nh6 25.f4 exf4 26.Rxf4 Rae8 27.e5 dxe5 28.Rxe5 Rxe5 29.Qxe5 Ng4 30.Qe2 Re8
31.Qd3 h6 32.Rxg4 fxg4 33.Qh7+ Kf8 34.Nge4 Kf7 35.Kg1 Na6 36.Kf1 Nb4 37.Ke2 Nc2
38.Kd3 Nd4 39.Nc3 Qf5+ 40.Qxf5+ Nxf5 41.Nce4 Re5 42.Nf1 Nd4 43.Ne3 h5 44.Nd6+ Ke7
45.Nc8+ Kd7  0-1

[Event "24th Politiken Cup"]
[Site "Copenhagen DEN"]
[Date "2002.07.25"]
[Round "10"]
[White "Matamoros Franco,C"]
[Black "Richards,H"]
[Result "1-0"]
[WhiteElo "2473"]
[BlackElo "2275"]

1.Nf3 e6 2.d4 Nf6 3.c4 Bb4+ 4.Bd2 a5 5.Nc3 d6 6.Bg5 Nbd7 7.Qc2 h6 8.Bh4 e5
9.e3 Qe7 10.Be2 Nf8 11.O-O Bxc3 12.bxc3 Ng6 13.Bg3 c5 14.Nd2 O-O 15.Bd3 Nh7
16.f4 f5 17.fxe5 dxe5 18.Rae1 e4 19.Be2 a4 20.Nb1 Nf6 21.Qb2 h5 22.Qb6 f4
23.Bxf4 Nxf4 24.Rxf4 Ra6 25.Qb5 g5 26.Rff1 Kg7 27.Nd2 Qc7 28.Qb1 Re6 29.Qc2 Bd7
30.Rf5 cxd4 31.cxd4 Re7 32.Rf2 Bg4 33.Rxf6 Rxf6 34.Bxg4 hxg4 35.Nxe4 Qa5
36.Re2 Rxe4 37.Qxe4 Qc3 38.Qxb7+ Kh6 39.Qb1 Qxc4 40.Qc2 Qb4 41.Qd2 Qb1+ 42.Re1 Qe4
43.d5 Rd6 44.Rd1 g3 45.hxg3 Qe5 46.Qd4 Qxg3 47.Rf1 Kh5 48.Rf3 Qe1+ 49.Kh2 Qb1
50.Qh8+ Kg6 51.Qg8+ Kh6 52.Qf8+  1-0

[Event "24th Politiken Cup"]
[Site "Copenhagen DEN"]
[Date "2002.07.25"]
[Round "10"]
[White "Kaaber,J"]
[Black "Zucchelli,M"]
[Result "1/2-1/2"]
[WhiteElo "2079"]
[BlackElo "2183"]

1.d4 Nf6 2.c4 e6 3.Nf3 Bb4+ 4.Bd2 Qe7 5.g3 Nc6 6.Bg2 Bxd2+ 7.Qxd2 Ne4 8.Qc2 Qb4+
9.Nc3 Nxc3 10.Qxc3 Qxc3+ 11.bxc3 Na5 12.Nd2 Rb8 13.Rb1 b6 14.Be4 Ba6 15.Bd3 d6
16.O-O c5 17.f4 O-O 18.Kf2 cxd4 19.cxd4 Rbc8 20.Rbc1 Rc7 21.Rc2 Rfc8 22.Rfc1 Kf8
23.a3 Ke7 24.h4 h6 25.Ke3 Bb7 26.Kf2 f6 27.e4 e5 28.Ke3 Ba6 29.Be2 b5 30.Bg4 exd4+
31.Kxd4 Nc6+ 32.Ke3 Rb8 33.cxb5 Bxb5 34.Be2 Bxe2 35.Rxc6 Rxc6 36.Rxc6 Kd7
37.Rc3 Ba6 38.Nb3  1/2-1/2

[Event "XVIII Open"]
[Site "Ferrol ESP"]
[Date "2002.07.25"]
[Round "9"]
[White "Aguiar Macineiras,S"]
[Black "Almagro Mazariegos,S"]
[Result "0-1"]
[WhiteElo "2105"]
[BlackElo "2292"]

1.d4 Nf6 2.c4 e6 3.Nf3 Bb4+ 4.Bd2 Qe7 5.a3 Bxd2+ 6.Qxd2 d6 7.Nc3 O-O 8.e4 e5
9.d5 a5 10.Bd3 Bg4 11.Qe3 Nbd7 12.O-O a4 13.Nd2 Nc5 14.Bc2 Bd7 15.f4 Ng4
16.Qg3 exf4 17.Rxf4 Ne5 18.Raf1 Rab8 19.Nb5 Nxc4 20.Nxc4 Bxb5 21.Ne3 Bxf1
22.Nf5 Qf6 23.Nxg7 Qd4+ 24.Kxf1 Kh8 25.Nf5 Qc4+ 26.Kg1 Rg8 27.Qh4 Rg6 28.Ne7 Qd4+
29.Kf1 Rg7 30.Nf5 Qc4+ 31.Kg1 Qxc2 32.Nxg7 Qd1+ 33.Rf1 Qd4+ 34.Kh1 Qxg7 35.Qe7 Rg8
36.g3 f5 37.Qxg7+ Kxg7 38.exf5 Re8 39.Rf4 Re2 40.Rg4+ Kf6 41.Rh4 Re7 42.Rh5 Nd3
43.g4 Nf2+ 44.Kg2 Nxg4 45.Kf3 Ne3 46.Rh4 b5 47.Rb4 Nxf5  0-1

[Event "KB Czech Open"]
[Site "Pardubice CZE"]
[Date "2002.07.27"]
[Round "9"]
[White "Berezjuk,S"]
[Black "Jankovic,A"]
[Result "1/2-1/2"]
[WhiteElo "2430"]
[BlackElo "2299"]

1.d4 Nf6 2.c4 e6 3.Nf3 Bb4+ 4.Bd2 c5 5.Bxb4 cxb4 6.g3 O-O 7.Bg2 d6 8.a3 Qb6
9.O-O Na6 10.axb4 Qxb4 11.Qc2 Re8 12.Nfd2 Bd7 13.Nc3 Rac8 14.Na2 Qb6 15.b4 e5
16.dxe5 Rxe5 17.Qd3  1/2-1/2

[Event "4th Stage Russian Cup"]
[Site "Samara RUS"]
[Date "2002.07.27"]
[Round "2"]
[White "Shinkevich,V"]
[Black "Blatov,I"]
[Result "1-0"]
[WhiteElo "2487"]
[BlackElo "2324"]

1.d4 Nf6 2.Nf3 e6 3.c4 Bb4+ 4.Bd2 Qe7 5.g3 Nc6 6.Nc3 Bxc3 7.Bxc3 Ne4 8.Rc1 Nxc3
9.Rxc3 d6 10.Bg2 O-O 11.O-O e5 12.d5 Nb8 13.Nd2 f5 14.f4 e4 15.g4 g6 16.gxf5 gxf5
17.Kh1 h6 18.Rg1 Kh7 19.Re3 Nd7 20.Nxe4 fxe4 21.Bxe4+ Kh8 22.Qd4+ Qf6 23.Rh3 Ne5
24.fxe5 dxe5 25.Rxh6+ Qxh6 26.Qxe5+ Rf6 27.Rf1 Bf5 28.Bxf5 Qg5 29.Qc3 Rf8
30.Rf3 Kg8 31.Rg3 Rxf5 32.Qe3 Qxg3 33.hxg3  1-0

[Event "Macedonian Open"]
[Site "Struga MKD"]
[Date "2002.07.28"]
[Round "9"]
[White "Andonovski,L"]
[Black "Simovski,G"]
[Result "1/2-1/2"]
[WhiteElo "2337"]
[BlackElo "2235"]

1.d4 Nf6 2.c4 e6 3.Nf3 Bb4+ 4.Bd2 Qe7 5.g3 d5 6.Bg2 O-O 7.O-O Bxd2 8.Qxd2 Ne4
9.Qc2 Nc6 10.Nc3 Nb4 11.Qb3 dxc4 12.Qxc4 Nxc3 13.Qxc3 Nd5 14.Qc2 c6 15.e4 Nb4
16.Qc3 Bd7 17.a3 Na6 18.b4 Rfd8 19.Rac1 Rac8 20.Rfe1 Be8 21.Ne5 Nc7 22.a4 f6
23.Nf3 Na6 24.Rb1 b6 25.e5 f5 26.Nd2 c5 27.dxc5 bxc5 28.b5 Nb4 29.Nc4 Rd3
30.Qc1 Rc7 31.Rd1 Bh5 32.Rxd3 Nxd3 33.Qc3 Rd7 34.a5 f4 35.Be4 fxg3 36.hxg3 Bg6
37.Bxg6 hxg6 38.b6 axb6 39.axb6 Qf7 40.f4 Nxf4 41.Qf3 Qf5 42.Rf1 Nd5 43.Qxf5 gxf5
44.Ra1 Rb7 45.Ra8+ Kh7 46.Ra7 Nxb6 47.Rxb7 Nxc4 48.Re7 Nxe5 49.Rxe6 Ng4 50.Rc6 g6
51.Rxc5 Kh6 52.Kg2 Kg5  1/2-1/2

[Event "Lost Boys Open"]
[Site "Amsterdam NED"]
[Date "2002.07.30"]
[Round "5"]
[White "Halkias,S"]
[Black "Geirnaert,S"]
[Result "1-0"]
[WhiteElo "2550"]
[BlackElo "2160"]

1.d4 Nf6 2.c4 e6 3.Nf3 Bb4+ 4.Bd2 Qe7 5.g3 b6 6.Bg2 Bb7 7.O-O O-O 8.Bf4 Bd6
9.Nc3 Bxf4 10.gxf4 Qb4 11.Qd3 Qxb2 12.a3 b5 13.cxb5 c5 14.dxc5 Nd5 15.Ng5 g6
16.Bxd5  1-0

[Event "Lost Boys Open"]
[Site "Amsterdam NED"]
[Date "2002.07.30"]
[Round "5"]
[White "Van Delft,M"]
[Black "Plasman,H"]
[Result "1-0"]
[WhiteElo "2340"]
[BlackElo "2255"]

1.Nf3 Nf6 2.d4 e6 3.c4 Bb4+ 4.Bd2 Qe7 5.g3 Nc6 6.Bg2 Bxd2+ 7.Nbxd2 d6 8.O-O a5
9.e4 e5 10.d5 Nb8 11.Ne1 h5 12.h3 h4 13.g4 Kf8 14.b3 g6 15.a3 Bd7 16.Nd3 Na6
17.b4 g5 18.Qe2 b5 19.Qe3 bxc4 20.Nxc4 axb4 21.axb4 Bb5 22.Rfc1 Nd7 23.Ra5 Bxc4
24.Rxc4 Kg7 25.Rc1 Nb6 26.Qe1 Nb8 27.Qc3 Rc8 28.Rca1 N8d7 29.Qc6 Qd8 30.Ne1 Rxa5
31.bxa5 Ra8 32.Nc2 Nb8 33.Qb5 N6d7 34.a6 Ra7 35.Nb4 Qc8 36.Bf1 Nc5 37.Qc4 Qd8
38.Ra5 Qf6 39.Qc2 Qg6 40.Rxc5 dxc5 41.Qxc5 Qb6 42.Qe7 Kg6 43.Nd3 Qf6 44.Qe8 Nxa6
45.Nxe5+ Kh7 46.Nd7 Qg7 47.e5 Nb4 48.Nf6+ Kh6 49.Qb8 Ra4 50.Qb5 Nxd5 51.Qxa4 Nxf6
52.Qc6  1-0

[Event "Inline Czechia Cup"]
[Site "Olomouc CZE"]
[Date "2002.07.31"]
[Round "11"]
[White "Gavrilov,Al"]
[Black "Bernasek,J"]
[Result "0-1"]
[WhiteElo "2487"]
[BlackElo "2289"]

1.d4 Nf6 2.c4 e6 3.Nf3 Bb4+ 4.Bd2 Qe7 5.g3 b6 6.Bg2 Bb7 7.O-O Bxd2 8.Qxd2 O-O
9.Nc3 Ne4 10.Nxe4 Bxe4 11.Qf4 d5 12.Rac1 Na6 13.cxd5 Bxd5 14.a3 Rac8 15.e4 Bb7
16.Ne5 c5 17.d5 Rcd8 18.Rcd1 f6 19.Nc4 e5 20.Qh4 b5 21.Ne3 c4 22.Nf5 Qf7
23.f4 Rfe8 24.d6 Nc5 25.Ne7+ Rxe7 26.dxe7 Qxe7 27.h3 Nd3 28.Kh2 Rd4 29.fxe5 Qxe5
30.Rf5 Qxf5 31.exf5 Rxh4 32.gxh4 Bxg2 33.Kxg2 Nxb2 34.Rd8+ Kf7 35.Rd7+ Ke8
36.Rxa7 c3 37.Ra8+ Ke7 38.Ra7+ Kd6 39.Ra6+ Kc7 40.Ra7+ Kb6  0-1

[Event "ch-GBR"]
[Site "Torquay ENG"]
[Date "2002.07.31"]
[Round "3"]
[White "Lalic,B"]
[Black "Mutton,J"]
[Result "1-0"]
[WhiteElo "2540"]
[BlackElo "2211"]

1.d4 Nf6 2.c4 e6 3.Nf3 Bb4+ 4.Bd2 Be7 5.Nc3 d5 6.Bg5 dxc4 7.e4 O-O 8.Bxc4 h6
9.Bxf6 Bxf6 10.e5 Be7 11.Qe2 c6 12.h4 Nd7 13.O-O-O Re8 14.Kb1 b5 15.Bd3 b4
16.Ne4 a5 17.Ng3 Qb6 18.Qe4 Nf8 19.Qg4 Ba6 20.Be4 Ra7 21.Nh5 g6 22.Qf4 Nh7
23.Qxh6 Bf8 24.Qf4 gxh5 25.Rh3 Bg7 26.Rg3 Nf8 27.Qg5 Ng6 28.Bxg6 fxg6 29.Qxg6 Ree7
30.Ng5 Be2 31.Ne4 Bg4 32.Nf6+ Kf8 33.Nxg4 hxg4 34.h5 Bh8 35.Rxg4 Rg7 36.Qh6 Kg8
37.Qxe6+ Rf7 38.Rxg7+  1-0

[Event "ch-BEL"]
[Site "Geel BEL"]
[Date "2002.08.04"]
[Round "9"]
[White "Vanderstricht,G"]
[Black "Bagheri,A"]
[Result "1-0"]
[WhiteElo "2404"]
[BlackElo "2451"]

1.d4 Nf6 2.c4 e6 3.Nf3 Bb4+ 4.Bd2 c5 5.Bxb4 cxb4 6.g3 O-O 7.Bg2 d6 8.O-O Nc6
9.Nbd2 e5 10.d5 Nb8 11.a3 Qb6 12.Qb3 Na6 13.axb4 Qxb4 14.Qxb4 Nxb4 15.Ra4 a5
16.Rfa1 Nc2 17.Rxa5 Rxa5 18.Rxa5 e4 19.Ng5 e3 20.Nde4 exf2+ 21.Kxf2 Ng4+
22.Kg1 h6 23.Nf3 Rd8 24.Ra8 f5 25.Nxd6 Rxd6 26.Rxc8+ Kh7 27.h3 Nge3 28.Ne5 Ra6
29.g4 Ne1 30.gxf5 N1xg2 31.Ng6 Nxf5 32.Nf8+ Kg8 33.Ne6+ Kh7 34.Nf8+ Kg8 35.Ne6+ Kh7
36.Kxg2 Ra2 37.Nf8+ Kg8 38.Ne6+ Kh7 39.Kf3 Rxb2 40.c5 Rb3+ 41.Kf2 Ne7 42.d6  1-0

[Event "It"]
[Site "Sudak UKR"]
[Date "2002.08.04"]
[Round "4"]
[White "Kuzmin,G"]
[Black "Savon,V"]
[Result "1/2-1/2"]
[WhiteElo "2512"]
[BlackElo "2421"]

1.d4 Nf6 2.c4 e6 3.Nf3 Bb4+ 4.Bd2 c5 5.Bxb4 cxb4 6.Qc2 Nc6 7.e4 d6 8.Nbd2 O-O
9.Bd3 Nd7 10.O-O a5 11.d5 Nce5 12.dxe6 fxe6 13.Nxe5 Nxe5 14.Be2 Bd7 15.Rad1 Qc7
16.Nf3 Nxf3+ 17.Bxf3 Rad8 18.b3 Qc5 19.Qd3 Bc6 20.Rd2 e5 21.Rfd1 Rf6 22.Qe2 b6
23.Rd3 g6 24.Qd2 Kg7 25.h4 h6 26.Kh2 Bb7 27.Kg3 Bc6 28.Qe3 Qxe3 29.Rxe3 Kf7
30.a3 bxa3 31.Ra1 Ke7 32.Rxa3 Ra8 33.Bg4 Kd8 34.f3 h5 35.Bh3 Kc7 36.Re1 Raf8
37.Kf2 Kd8 38.Ke3 Ke7 39.Raa1 Rb8 40.Kd2 Rbf8 41.Kc3 Rf4 42.b4 Bb7  1/2-1/2

[Event "II UPI"]
[Site "Mancha Real ESP"]
[Date "2002.08.07"]
[Round "6"]
[White "Minzer,C"]
[Black "Almagro Mazariegos,S"]
[Result "1-0"]
[WhiteElo "2364"]
[BlackElo "2292"]

1.d4 Nf6 2.c4 e6 3.Nf3 Bb4+ 4.Bd2 Qe7 5.g3 Nc6 6.Nc3 d5 7.cxd5 exd5 8.Bg2 O-O
9.O-O h6 10.Rc1 Bg4 11.e3 Qd7 12.a3 Bxc3 13.Bxc3 Nd8 14.Ne5 Bxd1 15.Nxd7 Nxd7
16.Rfxd1 c6 17.e4 dxe4 18.d5 cxd5 19.Rxd5 Nb6 20.Rb5 f5 21.Ba5 Nc6 22.Bxb6 axb6
23.Rxb6 Rf7 24.Bf1 Re7 25.Bc4+ Kh7 26.Bd5 Nd8 27.Rc5 g5 28.Bb3 f4 29.Bc2 Kg7
30.gxf4 gxf4 31.Rc4 Nf7 32.Rxe4 Rc7 33.Re2 Rac8 34.Rg6+ Kf8 35.Be4 Ng5 36.Kg2 Kf7
37.Rxh6  1-0

[Event "9th Open"]
[Site "Nice FRA"]
[Date "2002.08.07"]
[Round "3"]
[White "Chabanon,JL"]
[Black "Spiridonov,Nikolai"]
[Result "1-0"]
[WhiteElo "2483"]
[BlackElo "2182"]

1.d4 Nf6 2.c4 e6 3.Nf3 Bb4+ 4.Bd2 c5 5.g3 b6 6.Bxb4 cxb4 7.Bg2 Bb7 8.O-O O-O
9.Nbd2 d6 10.Qb3 a5 11.a3 Na6 12.Qd3 Re8 13.Nh4 Bxg2 14.Nxg2 e5 15.e3 Qc7
16.Rac1 bxa3 17.bxa3 Nb8 18.Nb1 Qe7 19.Nc3 Nbd7 20.Nb5 Rec8 21.f3 Ne8 22.e4 exd4
23.Qxd4 Qe5 24.Ne3 Qxd4 25.Nxd4 Kf8 26.Kg2 g6 27.f4 Kg7 28.Kf3 Rc5 29.Rcd1 h5
30.Nb5 Rc6 31.Rd4 Nc5 32.Rfd1 Nb7 33.h3 Rb8 34.g4 hxg4+ 35.hxg4 Rc5 36.g5 Rbc8
37.Rb1 Ra8 38.Rd2 Rc6 39.Nd4 Rcc8 40.Rh2 Nc7 41.Ndf5+  1-0

[Event "6th HZ Open"]
[Site "Vlissingen NED"]
[Date "2002.08.08"]
[Round "6"]
[White "Gyimesi,Z"]
[Black "Ikonnikov,V"]
[Result "1-0"]
[WhiteElo "2580"]
[BlackElo "2527"]

1.d4 Nf6 2.c4 e6 3.Nf3 Bb4+ 4.Bd2 Qe7 5.g3 Nc6 6.Nc3 Bxc3 7.Bxc3 Ne4 8.Bg2 O-O
9.Rc1 d6 10.d5 Nd8 11.Nd2 Nxc3 12.Rxc3 Bd7 13.O-O e5 14.c5 f5 15.cxd6 cxd6
16.Rc7 Rc8 17.Rxc8 Bxc8 18.Qa4 a6 19.Rc1 Bd7 20.Qa5 Bb5 21.Bf1 Qf6 22.Rc8 Nf7
23.Qc7 Rxc8 24.Qxc8+ Nd8 25.e3 Be8 26.Nc4 Bf7 27.Qd7 Bxd5 28.Nxd6 Be6 29.Qc7 Bxa2
30.Ne8 Qf8 31.Qxd8 Bf7 32.Nf6+ gxf6 33.Qxf6 Qc5 34.Qxf5 Qc7 35.Qg5+ Kf8 36.h4 Qd6
37.Qf5 Kg7 38.h5 h6 39.Bd3 b5 40.Qh7+ Kf8 41.Bg6 Qd1+ 42.Kg2 Bd5+ 43.e4 Bc4
44.Qxh6+ Ke7 45.Qg7+ Kd8 46.Qf6+ Kc7 47.h6 Bf1+ 48.Kh2 Be2 49.Qxe5+ Kb6 50.b4  1-0

[Event "Open"]
[Site "Davos SUI"]
[Date "2002.08.10"]
[Round "7"]
[White "De Andres Gonalons,F"]
[Black "Schuetzhold,F"]
[Result "0-1"]
[WhiteElo "2150"]
[BlackElo "2037"]

1.d4 Nf6 2.c4 e6 3.Nf3 Bb4+ 4.Bd2 a5 5.g3 b6 6.Bg2 Bb7 7.O-O Bxd2 8.Qxd2 d6
9.Qf4 Nbd7 10.Nc3 Qe7 11.Nb5 Rc8 12.Nh4 Bxg2 13.Kxg2 O-O 14.e4 Nh5 15.Qg4 Nhf6
16.Qe2 c6 17.Nc3 Ne8 18.Rad1 g6 19.Rd2 Ng7 20.a3 Nh5 21.f4 Rfe8 22.Qg4 Kh8
23.Rdf2 Nhf6 24.Qh3 Rf8 25.f5 g5 26.e5 dxe5 27.dxe5 Nxe5 28.fxe6 g4 29.Ng6+ fxg6
30.Qh6 Qxe6 31.Re2 Qd6 32.Rd1 Qc7 33.Rde1 Nf7 34.Qc1 Rce8 35.Qd2 Rxe2+ 36.Rxe2 Rd8
37.Qe1 Kg7 38.Qf2 Re8 39.Rd2 Qe7 40.Re2 Qd7  0-1